|
|
|
|
| LEADER |
01783nam a22003017a 4500 |
| 001 |
32667 |
| 003 |
BD-DhAAL |
| 005 |
20231130124211.0 |
| 008 |
180109t2016 bg ab|| |s|||f000 0 eng d |
| 020 |
|
|
|a 9789845190632
|
| 040 |
|
|
|a BD-DhAAL
|
| 041 |
|
|
|a eng
|a ben
|
| 082 |
|
|
|2 22
|a 330.954920521
|
| 245 |
0 |
0 |
|a Economic census 2013.
|p District report : Cox's Bazar /
|c Bangladesh Bureau of Statistics (BBS), Statistics and Informatics Division (SID), Ministry of Planning, Government of the People's Republic of Bangladesh.
|
| 260 |
|
|
|a Dhaka :
|b Reproduction, Documentation & Publication (RDP) Section, Bangladesh Bureau of Statistics,
|c 2016
|
| 300 |
|
|
|a xxviii, 416 pages :
|b illustrations, color maps ;
|c 28 cm.
|e + 1 CD-ROM (4 3/4 inches)
|
| 500 |
|
|
|a Chiefly statistical tables.
|
| 526 |
|
|
|a AAL
|
| 541 |
|
|
|a Complimentary copy
|e 32667
|
| 651 |
|
0 |
|a Bangladesh
|x Economic conditions
|y 21st century
|9 24545
|
| 651 |
|
0 |
|a Bangladesh
|x Economic conditions
|v Statistics
|y 21st century
|9 24546
|
| 710 |
1 |
|
|a Bangladesh Bureau of Statistics.
|b Statistics and Informatics Division (SID).
|b Ministry of Planning, Government of the People's Republic of Bangladesh.
|9 24547
|
| 852 |
|
|
|a Ayesha Abed Library
|c Reference Section
|
| 856 |
|
|
|3 Full text available on Bangladesh Bureau of Statistics
|u http://203.112.218.65:8008/WebTestApplication/userfiles/Image/EcoCen13/DistReport/Cox's%20bazar.pdf
|
| 942 |
|
|
|2 ddc
|c BK
|
| 999 |
|
|
|c 38947
|d 38947
|
| 952 |
|
|
|0 0
|1 0
|2 ddc
|4 0
|6 330_954920521000000_ECO
|7 0
|9 62507
|a BRACUL
|b BRACUL
|c REF
|d 2018-01-09
|e Complimentary copy
|l 0
|o 330.954920521 ECO
|p 3010032667
|r 2018-01-09
|t 1
|w 2018-01-09
|y BK
|
| 952 |
|
|
|0 0
|1 0
|2 ddc
|4 0
|6 330_954920521000000_ECO
|7 0
|9 62508
|a BRACUL
|b BRACUL
|c AV
|d 2018-01-09
|e Complimentary copy
|l 0
|o 330.954920521 ECO
|p 4010032667
|r 2018-01-09
|t 1
|w 2018-01-09
|y AV
|